Economic and Energy Efficiency of Agriculture
Hospodárska a energetická efektívnosť poľnohospodárstva v krajinách Európskej únie. Posúdenie sociálno-ekonomického rozvoja krajín EÚ uskutočnené pomocou opatrení: index ľudského rozvoja (HDI) a hrubý domáci produkt (HDP) na obyvateľa (USD na obyvateľa). Korelácia medzi sociálno-ekonomickým rozvojom...
Gespeichert in:
| 1. Verfasser: | |
|---|---|
| Weitere Verfasser: | , , , |
| Format: | Buchkapitel |
| Sprache: | Englisch |
| Schlagworte: | |
| Tags: |
Keine Tags, Fügen Sie das erste Tag hinzu!
|
MARC
| LEADER | 00000naa a2200000 4500 | ||
|---|---|---|---|
| 001 | 0268766 | ||
| 005 | 20240222133045.1 | ||
| 041 | 0 | |a eng | |
| 044 | |a CZ | ||
| 245 | 1 | 0 | |a Economic and Energy Efficiency of Agriculture |c Marcin Wysokiński, Joanna Domagała, Arkadiusz Gromada, Magdalena Golonko, Paulina Trębska |
| 520 | |a Hospodárska a energetická efektívnosť poľnohospodárstva v krajinách Európskej únie. Posúdenie sociálno-ekonomického rozvoja krajín EÚ uskutočnené pomocou opatrení: index ľudského rozvoja (HDI) a hrubý domáci produkt (HDP) na obyvateľa (USD na obyvateľa). Korelácia medzi sociálno-ekonomickým rozvojom krajín a ich ekonomickou a energetickou účinnosťou. | ||
| 610 | 2 | 0 | |a zdroje energetické |
| 610 | 2 | 0 | |a Európska únia |
| 610 | 2 | 0 | |a rozvoj sociálno-ekonomický |
| 610 | 2 | 0 | |a efektívnosť ekonomická |
| 610 | 2 | 0 | |a efektívnosť energetická |
| 610 | 2 | 0 | |a poľnohospodárstvo |
| 100 | 1 | |a Wysokiński, Marcin | |
| 700 | 1 | |a Domagała, Joanna | |
| 700 | 1 | |a Gromada, Arkadiusz | |
| 700 | 1 | |a Golonko, Magdalena | |
| 700 | 1 | |a Trębska, Paulina | |